| 000 | 00379nam a2200145Ia 4500 | ||
|---|---|---|---|
| 008 | 240830s1953 xx 000 0 und d | ||
| 041 | _aeng | ||
| 082 | _a0 KHE | ||
| 100 | _aKHEMRAJ S.D. | ||
| 245 | _aSHALIGRAMNIGHNTU | ||
| 260 |
_bKHEMRAJ SHRI KRISHNNA SHRI VENKATESHWAR STIM PRESS, MUMBAI _c1953 |
||
| 650 | _aDRAVYAGUNA-VIGYAN | ||
| 906 | _aN.D. | ||
| 999 |
_c1194564 _d1194564 |
||